<?xml version="1.0" encoding="UTF-8"?>
<record
    xmlns:xsi="http://www.w3.org/2001/XMLSchema-instance"
    xsi:schemaLocation="http://www.loc.gov/MARC21/slim http://www.loc.gov/standards/marcxml/schema/MARC21slim.xsd"
    xmlns="http://www.loc.gov/MARC21/slim">

  <leader>01372nam a22002057a 4500</leader>
  <controlfield tag="003">OSt</controlfield>
  <controlfield tag="005">20181102070814.0</controlfield>
  <controlfield tag="008">180307b        xxu||||| |||| 00| 0 spa d</controlfield>
  <datafield tag="040" ind1=" " ind2=" ">
    <subfield code="c">PJ</subfield>
  </datafield>
  <datafield tag="100" ind1=" " ind2=" ">
    <subfield code="9">2225</subfield>
    <subfield code="a">Garc&#xED;a Coni, Ra&#xFA;l R.</subfield>
  </datafield>
  <datafield tag="245" ind1="1" ind2="0">
    <subfield code="a">Derechos registral aplicado /</subfield>
    <subfield code="c">Ra&#xF9;l R. Garc&#xED;a Coni, &#xC1;ngel A. Frontini; pr&#xF3;logo del Dr. Jorge H. Alterini.</subfield>
  </datafield>
  <datafield tag="250" ind1=" " ind2=" ">
    <subfield code="a">2a. ed.</subfield>
  </datafield>
  <datafield tag="260" ind1=" " ind2=" ">
    <subfield code="a">Buenos Aires :</subfield>
  </datafield>
  <datafield tag="300" ind1=" " ind2=" ">
    <subfield code="a">286 p.</subfield>
    <subfield code="c">23 cm.</subfield>
  </datafield>
  <datafield tag="504" ind1=" " ind2=" ">
    <subfield code="a">Bibliograf&#xED;a:
p. 277 - 286.</subfield>
  </datafield>
  <datafield tag="505" ind1=" " ind2=" ">
    <subfield code="a">Contenido:
Derecho registral inmobiliario -- Presupuestos del derecho registral -- Caracterizaci&#xF3;n y relaciones del derecho registral inmobiliario -- Tipos de registros y sistemas registrales -- Trasmisi&#xF3;n inmobiliaria en la legislaci&#xF3;n Argentina -- Los principios registrales en la doctrina y en el derecho positivo Argentino -- Concepto y clasificaci&#xF3;n de los principios registrales -- Principio de publicidad -- Principio de inscripci&#xF3;n o matriculaci&#xF3;n -- Principio de consentimiento -- Principio de autenticidad -- Principio de rogaci&#xF3;n -- Principio de prioridad y rango -- Principio de tracto continuo -- Principio de especialidad o determinaci&#xF3;n -- Principio de legalidad -- Principio de legitimaci&#xF3;n -- Principio de fe p&#xFA;blica registral. 
</subfield>
  </datafield>
  <datafield tag="650" ind1=" " ind2="0">
    <subfield code="9">352</subfield>
    <subfield code="a">DERECHO CIVIL</subfield>
  </datafield>
  <datafield tag="650" ind1=" " ind2="0">
    <subfield code="9">1821</subfield>
    <subfield code="a">DERECHOS REALES</subfield>
  </datafield>
  <datafield tag="942" ind1=" " ind2=" ">
    <subfield code="2">udc</subfield>
    <subfield code="c">LIB</subfield>
    <subfield code="h">347.235</subfield>
    <subfield code="i">GAR</subfield>
  </datafield>
  <datafield tag="999" ind1=" " ind2=" ">
    <subfield code="c">1483</subfield>
    <subfield code="d">1483</subfield>
  </datafield>
  <datafield tag="952" ind1=" " ind2=" ">
    <subfield code="0">0</subfield>
    <subfield code="1">0</subfield>
    <subfield code="2">udc</subfield>
    <subfield code="4">0</subfield>
    <subfield code="7">0</subfield>
    <subfield code="a">DJS</subfield>
    <subfield code="b">DJS</subfield>
    <subfield code="d">2018-09-18</subfield>
    <subfield code="l">1</subfield>
    <subfield code="o">347.235 GAR</subfield>
    <subfield code="p">1450</subfield>
    <subfield code="q">2023-12-07</subfield>
    <subfield code="r">2023-11-30</subfield>
    <subfield code="s">2023-11-30</subfield>
    <subfield code="w">2018-09-18</subfield>
    <subfield code="y">LIB</subfield>
  </datafield>
</record>
